01747nam a2200289 a 45000010008000000030009000080050017000170070008000340080033000420200018000750400022000930820025001152450070001402600038002103000029002485200813002776500027010906500036011176500029011537000048011827000042012307000038012727000041013107000042013517000038013937100026014310000428DO-SdBNP20240829112154.00000428091125s2011 sp a 000 0 spa d a9789972209338 aBPMSUbspacBPMSU 4a372.5bJ93f 201122210a Jugando con el Fomi /c dirección editorial, Diana E. Oliveros aBarcelona :bLexus Ediores,c2011 a200 p. :bil. ;c29 cm.  aEsta obra ofrece muchas ideas y trucos para desarrollar al máximo la imaginación. Páginas con técnicas que serán de gran ayuda al elaborar tus manualidades. Y novedosos diseños infantiles para toda ocasión, todo apoyado por bellas ilustraciones y fotografías que detallan paso a paso la creación de los trabajos. Incluye también las fotografías de los materiales que se han de usar para cada proyecto. Descubre de la manera más divertida las diversas manualidades que puedes realizar con este material. Una obra que te enseñará a elaborar bellos diseños con numerosas propuestas para toda ocasión, acompañadas de explicaciones claras y sencillas. ¿Sabías cuantos cosas puedes hacer con el Fomi?. Ideal para maestros y familias que se interesen en la creatividad con fomi. 4a Educación Primaria  4aTrabajos manuales (Educación) 4aEnseñanza-Aprendizaje 1 aOliveros, Diana E. edirección editorial 1 aÁvila Arevalo, Lydaeilustraciones 1 aBuitrago, Albertoeilustraciones 1 aLópez, Ana Maríaeilustraciones 1 aRodríguez, Andréseilustraciones 1 aGuzmán, Enriquezefotografía 2 aContinente Editories